| 000 | 01033 a2200205 4500 | ||
|---|---|---|---|
| 005 | 2008091104074.0 | ||
| 008 | 080911t xxu||||| |||| 00| 0 hin d | ||
| 010 | _aHIN-79651 | ||
| 020 |
_c50.00 _a8183140505 |
||
| 035 | _aHN-51997 | ||
| 037 | _bD. B. Act. / pub | ||
| 082 | _a270 | ||
| 100 | _aरफीउल्लाह शहाब | ||
| 245 |
_aइस्लामी मालूमात _cरफीउल्लाह शहाब _b(विद्यार्थियों के लिए) |
||
| 260 |
_aनई दिल्ली _bअल हसनात बुक्स _c2006 |
||
| 270 |
_a2241-कूचा चेलान, दरियागंज _bनई दिल्ली _e110002 _k23271845 _l41563256 _malhasanatbooks@rediffmail.com |
||
| 300 |
_a232पृ _c19सेमी (अजिल्द) |
||
| 942 |
_adpl _cHN _k270 / शहाब _2ddc _h270 _mशहाब |
||
| 999 |
_c3203 _d3203 |
||